00549nam a2200145 a 450000500170000000800410001702000180005805000260007610000180010224501380012026000320025830000090029050000870029965000170038620140412111426.0090626s19uu xx 00 eng d a0-590-64210-3 aTR(GS 793.7bF84 1998 aFranco, Betsy aCounting caterpillars and other math poems :b25 Rhyming poems with instant activities that build early math skills /cBetsy Franco. aU.S.A :bScholastic,c1998. a64p. aPoems about addition, subtraction, patterning, shapes, simple fractions, and more. aPoems - Math